LEADER 02032nam 2200601Ia 450 001 9910449776503321 005 20200520144314.0 035 $a(CKB)1000000000023306 035 $a(SSID)ssj0000075273 035 $a(PQKBManifestationID)11110254 035 $a(PQKBTitleCode)TC0000075273 035 $a(PQKBWorkID)10128522 035 $a(PQKB)11414477 035 $a(MiAaPQ)EBC3306848 035 $a(Au-PeEL)EBL3306848 035 $a(CaPaEBR)ebr10113005 035 $a(OCoLC)80247263 035 $a(EXLCZ)991000000000023306 100 $a20040811d2003 uy 0 101 0 $aeng 135 $aurcn||||||||| 181 $ctxt 182 $cc 183 $acr 200 00$aIBM Lotus Learning management system handbook$b[electronic resource] /$f[Mike Ebbers ... et al.] 205 $a1st ed. 210 $aPoughkeepsie, NY $cIBM, International Technical Support Organization$dc2003 215 $axx, 466 p. $cill 225 1 $aIBM redbooks 300 $a"Lotus.software"--Cover. 300 $a"October 2003." 300 $a"SG24-7028-00." 311 $a0-7384-9924-2 320 $aIncludes bibliographical references (p. 451-455) and index. 410 0$aIBM redbooks. 606 $aEmployees$xTraining of$xComputer-assisted instruction 606 $aEmployees$xTraining of$xData processing 606 $aOrganizational learning$xData processing 606 $aInternet in education 608 $aElectronic books. 615 0$aEmployees$xTraining of$xComputer-assisted instruction. 615 0$aEmployees$xTraining of$xData processing. 615 0$aOrganizational learning$xData processing. 615 0$aInternet in education. 701 $aEbbers$b Mike$0865704 712 02$aInternational Business Machines Corporation.$bInternational Technical Support Organization. 801 0$bMiAaPQ 801 1$bMiAaPQ 801 2$bMiAaPQ 906 $aBOOK 912 $a9910449776503321 996 $aIBM Lotus Learning management system handbook$91931994 997 $aUNINA LEADER 01153nam a2200325 i 4500 001 991000997769707536 005 20020507181347.0 008 970113s1961 de ||| | ger 035 $ab10786934-39ule_inst 035 $aLE01305503$9ExL 040 $aDip.to Matematica$beng 082 0 $a516.37 084 $aAMS 51K 084 $aAMS 53B40 084 $aAMS 53C60 084 $aAMS 58D17 100 1 $aRinow, Willi$058596 245 14$aDie innere geometrie der metrischen raume /$cWilli Rinow 260 $aBerlin :$bSpringer-Verlag,$c1961 300 $axv, 520 p. ;$c24 cm. 490 0 $aGrundlehren der mathematischen Wissenschaften = A series of comprehensive studies in mathematics,$x0072-7830 ;$v105 650 0$aDistance geometry 650 0$aFinsler spaces 650 0$aManifolds of metrics 907 $a.b10786934$b23-02-17$c28-06-02 912 $a991000997769707536 945 $aLE013 51K RIN11 (1961)$g1$i2013000069753$lle013$o-$pE0.00$q-$rl$s- $t0$u7$v0$w7$x0$y.i10887179$z28-06-02 996 $aInnere geometrie der metrischen raume$9384930 997 $aUNISALENTO 998 $ale013$b01-01-97$cm$da $e-$fger$gde $h4$i1